| 000 | 00536nas a2200193 4500 | ||
|---|---|---|---|
| 001 | 000037336 | ||
| 003 | DO-SdBNP | ||
| 005 | 20240902095430.0 | ||
| 008 | 120328c20059999dr wr1p dd 0 0spa d | ||
| 040 |
_aDO-SdBNP _bspa _cBNPHU |
||
| 043 | _anwdr | ||
| 245 | 0 | 0 |
_aDe vuelta a clases : _brevista espacializada de Listín Diario. |
| 260 |
_aSanto Domingo : _bListín Diario. |
||
| 300 |
_av.- : _bil. ; _c29 cm. |
||
| 310 | _aSemanal | ||
| 362 | 1 | _aAgosto 2005 | |
| 500 | _aCatalogación basada en : agosto 2005 | ||
| 942 |
_2ddc _cISSUE |
||
| 999 |
_c36826 _d36826 |
||